Dia Internacional de les Dones : Palau de Pedralbes, 5 de març de 2006 Palau de Pedralbes, 5 de març de 2006
ISBN:
978-84-393-7387-2
Descripción Física:
40 p. ; 18 cm
Colección:
Quaderns de l'Institut ; 9
MARC
| LEADER | 00000nam a2200000Ia 4500 | ||
|---|---|---|---|
| 001 | 18725 | ||
| 003 | BGR | ||
| 005 | 20260324180017.0 | ||
| 008 | 160829s2007 xx 000 0 cat d | ||
| 020 | |a 978-84-393-7387-2 | ||
| 080 | |a FU-51-28 | ||
| 245 | |a Dia Internacional de les Dones : |b Palau de Pedralbes, 5 de març de 2006 | ||
| 260 | |a Barcelona : |b Generalitat de Catalunya. Insitut Catàla de les Dones, |c 2007 | ||
| 300 | |a 40 p. ; |c 18 cm | ||
| 490 | |a Quaderns de l'Institut ; 9 | ||
| 590 | |a Bibliografia. Inclou: Somnis d'utopies / Elisabeth Russell. | ||
| 590 | |a També disponible en versió electrònica a: http://www.gencat.net/icdona/docs/q9.pdf | ||
| 650 | |a Dones |9 43737 | ||
| 650 | |a Teoria feminista |9 43738 | ||
| 710 | |a Institut Català de les Dones |9 59371 | ||
| 901 | |a Arxiu | ||
| 942 | |n 1 |2 udc |c MON | ||
| 952 | |0 0 |1 0 |4 0 |6 FU5128 |7 1 |9 51600 |a Arxiu |b Arxiu |d 2016-12-01 |l 0 |o FU-51-28 |p 18725 |r 2016-12-01 00:00:00 |w 2016-12-01 |y ARXIU | ||
| 999 | |c 55445 |d 55445 | ||